Fußballer, die Bundesliga Top Torschützen wurden - Sudden Death - Statistiken

Allgemein
  • Dieses Quiz wurde 2.950 mal gespielt
    2.949 seit der letzten Aktualisierung
  • Das Durchschnittsergebnis liegt bei 7 aus 15
Answers on the Grid
Answers color-coded by a green-red scale on the quiz's grid according to % correct below.
Robert Lewandowski
Alassane Plea
Thomas Müller
Marco Reus
Pierre-Emerick Aubameyang
Klaas Jan Huntelaar
Pierre-Michel Lasogga
Luca Toni
Max Kruse
Miroslav Klose
Arjen Robben
Mario Mandzukic
Edin Dzeko
Giovane Elber
Roberto Firmino
Harry Kane
Niclas Füllkrug
Christopher Nkunku
Ante Rebic
Paco Alcácer
Luka Jovic
Alexander Meier
Henrikh Mkhitaryan
Martin Max
Marcus Thuram
Stefan Kießling
Fabian Klos
Erling Haaland
Rafael van der Vaart
Sergej Barbarez
Thomas Christiansen
Nils Petersen
 
Antwortstatistiken
Antwort % Korrekt
Robert Lewandowski
98%
Pierre-Emerick Aubameyang
68%
Harry Kane
59%
Klaas Jan Huntelaar
52%
Niclas Füllkrug
50%
Miroslav Klose
47%
Luca Toni
45%
Christopher Nkunku
43%
Edin Dzeko
43%
Alexander Meier
42%
Stefan Kießling
39%
Giovane Elber
33%
Martin Max
22%
Sergej Barbarez
18%
Thomas Christiansen
17%
Keine übereinstimmenden Quizze gefunden
Verteilung der Resultate
Anzahl Personen mit jedem Resultat
Perzentil nach korrekt beantworteten Fragen
Ihre Resultats-Entwicklung
Sie haben dieses Quiz seit der letzten Aktualisierung nicht gespielt